<?xml version="1.0" encoding="UTF-8"?>
<marc:record xmlns:marc="http://www.loc.gov/MARC21/slim">
   <marc:leader>00000nam a2200000 a 4500</marc:leader>
   <marc:datafield ind1="1" ind2=" " tag="100">
      <marc:subfield code="a">Lewin, Ben</marc:subfield>
      <marc:subfield code="4">drt</marc:subfield>
      <marc:subfield code="e">Regisseur/-in</marc:subfield>
   </marc:datafield>
   <marc:datafield ind1=" " ind2=" " tag="653">
      <marc:subfield code="a">Monokel-Filmbibliothek</marc:subfield>
   </marc:datafield>
   <marc:datafield ind1="0" ind2="0" tag="245">
      <marc:subfield code="a">The Sessions - Wenn Worte berühren -</marc:subfield>
   </marc:datafield>
   <marc:datafield ind1="0" ind2="0" tag="245">
      <marc:subfield code="b">nach einer wahren Geschichte</marc:subfield>
   </marc:datafield>
   <marc:datafield ind1=" " ind2="1" tag="264">
      <marc:subfield code="b">Twentieth Century Fox Animation</marc:subfield>
      <marc:subfield code="c">2012</marc:subfield>
   </marc:datafield>
   <marc:datafield ind1="1" ind2=" " tag="520">
      <marc:subfield code="a">The Sessions basiert auf der Autobiographie des kalifornischen Journalisten und Poeten Mark O'Brien.&#xD;
&#xD;
Mark O'Brien leidet an Kinderlähmung. Das heißt, er ist zur fast völligen Bewegungsunfähigkeit verdammt und muss die meiste Zeit des Tages in einer eisernen Lunge verbringen. Im Alter von 38 Jahren fasst der eloquente Journalist und begabte Poet einen ungewöhnlichen Entschluss. Er will Sex haben. Nachdem er sich beim örtlichen Pfarrer die "Erlaubnis" dazu geholt hat, findet Mark in der Sex-Therapeutin Cheryl, die sich auf derartige Fälle spezialisiert hat, die ideale Partnerin, um endlich seine Unschuld zu verlieren.</marc:subfield>
   </marc:datafield>
   <marc:datafield ind1=" " ind2=" " tag="041">
      <marc:subfield code="a">ger</marc:subfield>
   </marc:datafield>
   <marc:datafield ind1="1" ind2=" " tag="521">
      <marc:subfield code="a">0</marc:subfield>
   </marc:datafield>
   <marc:datafield ind1=" " ind2=" " tag="338">
      <marc:subfield code="a">Videodisk</marc:subfield>
   </marc:datafield>
   <marc:datafield ind1=" " ind2=" " tag="300">
      <marc:subfield code="a">1 DVD</marc:subfield>
   </marc:datafield>
</marc:record>
